000 01139cam a2200337 4500
001 2723356
003 BJBSDDR
005 20250305133146.0
007 ta
008 691024s1970 nyu 000 0beng
010 _a 77092157
020 _a0671270435
020 _a9780671270438
040 _aDLC
_cDLC
_dDLC
_beng
041 _aeng
050 1 4 _a002 E 851
_bM478s 1970
082 0 0 _a329/.023/0973
100 1 _aMcGinniss, Joe
_q(Joseph Ralph),
_d1942-2014
_922805
245 1 4 _aThe selling of the President 1968 /
_cJoe McGinniss
260 _aNew York :
_bPocket Book,
_c1970
300 _a278 pages ;
_c19 cm.
600 1 0 _aNixon, Richard M.
_q(Richard Milhous),
_d1913-1994.
600 1 4 _aNixon, Richard M.
_q(Richard Milhous),
_d1913-1994.
_912713
650 0 _aPresidents
_zUnited States
_xElection
_y1968.
650 4 _aPresidentes
_xElecciones
_zEstados Unidos
_y1968
_93543
650 0 _aTelevision in politics.
650 4 _aTelevisión en la política
_924503
651 4 _aEstados Unidos
_xPolítica y gobierno
_y1963-1969
_926231
906 _a7
_bcbc
_corignew
_du
_encip
_f19
_gy-gencatlg
942 _2lcc
_cBK
999 _c56548
_d56548